Statistics for Africa Map Quiz in One minute

Click here to take the quiz!

General Stats

  • This quiz has been taken 246 times
  • The average score is 20 of 54

Answers on the Map

Answers color-coded by a green-red scale on the quiz's map according to % correct below.
 

Answer Stats

Answer% Correct
Egypt
94%
Algeria
93%
Libya
89%
Chad
86%
Morocco
85%
Sudan
85%
Central African Republic
83%
Tunisia
83%
Ethiopia
82%
Congo (Dem. Rep.)
80%
South Sudan
80%
Djibouti
77%
Eritrea
76%
Kenya
73%
Somalia
72%
Congo (Rep. of)
65%
Burundi
58%
Uganda
58%
Rwanda
54%
Tanzania
54%
Malawi
48%
Zambia
35%
Madagascar
34%
Mozambique
32%
South Africa
27%
Lesotho
25%
Swaziland
20%
Angola
18%
Botswana
18%
Zimbabwe
14%
Namibia
13%
Cameroon
11%
Cape Verde
11%
Equatorial Guinea
11%
Gabon
11%
Comoros
8%
Mali
8%
Mauritania
8%
Niger
8%
Nigeria
8%
Benin
7%
Burkina Faso
7%
Cote d'Ivoire
6%
Ghana
6%
Sao Tome & Principe
6%
Guinea
4%
Guinea-Bissau
4%
Mauritius
4%
Senegal
4%
Seychelles
4%
Gambia
3%
Liberia
3%
Togo
3%
Sierra Leone
1%

Score Distribution

Percentile by Number Answered

Percent of People with Each Score

Your Score History

You have not taken this quiz